000 00461nam a22001697a 4500
999 _c1464
_d1464
003 OSt
005 20201019101044.0
008 160725b xxu||||| |||| 00| 0 eng d
040 _aMMU
_beng
_cMMU
_dMMU
050 _aBP 161 .A25
100 _4Dr.
_aAl-Qaradawy Yusuf
245 _aIntroduction to Know Islam
_cYusuf Al-Qaradawy
260 _aLondon :
_bIslamic Publishing,
300 _a318 p. :
650 _aIntroduction to Islam
942 _2lcc
_cLOAN LOAN